| 000 | 00839cab a2200313 4500 | ||
|---|---|---|---|
| 001 | WB3214-24 | ||
| 008 | 090401t1996 xxu||||| |||| 00| 0 eng d | ||
| 035 | _a(Sirsi) u64733 | ||
| 041 | _aeng | ||
| 245 | _aFinancial Times property report | ||
| 260 | _c1996 | ||
| 300 | _aLOAN | ||
| 350 | _a0 | ||
| 490 |
_aFinancial Times _v`Weekend Property`, 30-31 March 1996, I-XIII(13) |
||
| 520 | _aA look at the UK and foreign housing market. | ||
| 650 | _aAUSTRALIA | ||
| 650 | _aGOLFING PROPERTIES | ||
| 650 | _aHARBOUR VIEWS | ||
| 650 | _aHOUSING MARKET | ||
| 650 | _aINVESTORS | ||
| 650 | _aITALY | ||
| 650 | _aLETTING COMPANY | ||
| 650 | _aOLD HOMES | ||
| 650 | _aSPORTS FACILITIES | ||
| 650 | _aTYNE TEES | ||
| 690 | _aPROPERTY-RESIDENTIAL PROPERTY-RESIDENTIAL PROPERTY MARKET | ||
| 942 | _n0 | ||
| 948 | _c04/03/1997 | ||
| 999 |
_c40331 _d40331 |
||